000 00624nam a2200205Ia 4500
003 GCL
008 140319s9999 xx 000 0 ara d
040 _aGCL /
_cGCL
082 0 4 _aط
_b535
_bب ض
100 1 _aعبدالفتاح المنياوى
245 1 0 _aالضوء /
_cعبدالفتاح المنياوى
700 1 _aمحمد عاطف البرقوقى
700 1 _aباركر، برثا موريس
700 1 _aهولى، كليفورد
300 _a35 ص
490 _aمجموعة الكتب العلمية المبسطة
_v0
650 0 4 _aالضوء
650 0 4 _aالفيزياء
942 _2ddc
_cBK
999 _c51322
_d51322